00373pab a2200133 454500008004000000100001800040245008800058260000900146300001500155362000800170650002000178700001600198773002500214180718b2005 xxu||||| |||| 00| 0 eng d aOliver, David aDecision-making in high-velocity environments: the importance of guiding principles c2005 ap.889-913. aJun aDecision making aRoos, Johan aOrganization Studies